000 00604nam a2200229 a 4500
001 nice12345678
003 IN_TiNIC
005 20260116014123.0
008 110502s2010 newa grp 000 0 eng
020 _a9788125040545
_c695
082 0 0 _a306.08991
_bAHM
100 _aAhmad, Imtiaz
245 _aDalit Assertion in Society, Literature and History
260 _aNew Delhi
_bOrient Blackswan
_c2010
300 _a320p
500 _aincludes index and biblioraphy
505 2 _aglossary, notes index
650 _aDalits and Politics
902 _bSRS
942 _cBK
999 _c13963
_d13963